Krízový manažér je ten, čo musí rezať a nedbať na výkriky

Rozhovor s Petrom Karáskom, špecialistom na reštrukturalizácie a krízové riadenie firiem o tom, ako sa zachraňujú firmy postihnuté (najmä) zlým riadením.

Saved in:
Bibliographic Details
Main Author: Filin, Juraj
Other Authors: Karásek, Petr
Format: Book Chapter
Language:Slovak
Subjects:
Tags: Add Tag
No Tags, Be the first to tag this record!

MARC

LEADER 00000naa a2200000 4500
001 0222556
005 20220725111439.0
041 0 |a slo 
044 |a SK 
245 1 0 |a Krízový manažér je ten, čo musí rezať a nedbať na výkriky  |c Juraj Filin, Petr Karásek 
520 |a Rozhovor s Petrom Karáskom, špecialistom na reštrukturalizácie a krízové riadenie firiem o tom, ako sa zachraňujú firmy postihnuté (najmä) zlým riadením. 
610 2 0 |a rozhovor 
610 2 0 |a manažéri 
610 2 0 |a manažment krízový 
610 2 0 |a riadenie podnikové 
610 2 0 |a riadenie rizík 
610 2 0 |a metódy riadenia 
610 2 0 |a technika riadenia 
610 2 0 |a reštrukturalizácia 
100 1 |a Filin, Juraj 
700 1 |a Karásek, Petr